000
00297nam a22001217a 4500
003
OSt
008
250214b |||||||| |||| 00| 0 eng d
041
_a
eng
100
_a
Chakravarty, Uday K
_9
7153
245
_a
Software and Systems:
_b
Introduction
700
_a
Ghosh Dashidar, D
_9
7152
942
_c
BK
999
_c
19384
_d
19384